20 Biggest Cities by Continent - Statistics

General Stats
  • This quiz has been taken 1,561 times
  • The average score is 81 of 119
Answer Stats
Hint Answer % Correct
39,800,000 Tokyo
96%
14,500,000 London
95%
11,300,000 Paris
95%
17,100,000 Moscow
94%
6,250,000 Madrid
93%
20,700,000 Beijing
92%
4,550,000 Berlin
92%
22,200,000 New York
92%
3,600,000 Rome
92%
31,100,000 Shanghai
92%
17,100,000 Cairo
91%
14,600,000 Istanbul
91%
23,600,000 Mumbai
91%
12,700,000 Rio de Janeiro
91%
16,000,000 Buenos Aires
90%
17,700,000 Los Angeles
90%
22,300,000 Mexico City
90%
28,900,000 Jakarta
89%
4,650,000 Barcelona
88%
9,800,000 Chicago
88%
27,200,000 Delhi
88%
10,100,000 Lima
88%
9,500,000 Bogotá
87%
48,600,000 Guangzhou
87%
21,900,000 São Paulo
87%
4,975,000 Sydney
87%
17,600,000 Lagos
86%
5,150,000 Milan
86%
7,150,000 Santiago
85%
4,050,000 Cape Town
84%
6,350,000 Houston
84%
13,100,000 Johannesburg
84%
6,750,000 Dallas
83%
4,500,000 Melbourne
83%
7,700,000 San Francisco
83%
6,200,000 Miami
82%
2,025,000 Perth
82%
3,900,000 Brasília
81%
3,725,000 Caracas
81%
24,100,000 Manila
81%
5,500,000 St. Petersburg
81%
17,800,000 Osaka
80%
190,000 Wellington
80%
3,400,000 Athens
79%
1,510,000 Auckland
79%
17,400,000 Bangkok
79%
24,800,000 Seoul
79%
7,200,000 Toronto
79%
8,400,000 Washington, D.C.
79%
7,550,000 Boston
78%
25,100,000 Karachi
78%
5,350,000 Nairobi
78%
5,550,000 Dar es Salaam
77%
10,900,000 Kinshasa
77%
3,400,000 Kiev
76%
16,200,000 Kolkata
76%
4,250,000 Naples
76%
5,250,000 Alexandria
75%
2,900,000 Brisbane
75%
17,900,000 Dhaka
74%
7,350,000 Philadelphia
74%
3,075,000 Birmingham
72%
2,800,000 Hamburg
72%
14,000,000 Tehran
72%
3,725,000 Algiers
71%
5,600,000 Atlanta
71%
3,000,000 Manchester
70%
4,175,000 Seattle
70%
1,310,000 Adelaide
69%
4,225,000 Casablanca
69%
7,450,000 Luanda
69%
2,600,000 Quito
69%
5,700,000 Khartoum
68%
10,500,000 Lahore
68%
392,000 Canberra
67%
10,100,000 Chennai
67%
5,700,000 Detroit
66%
3,175,000 Frankfurt am Main
66%
5,050,000 Guadalajara
66%
4,125,000 Montreal
66%
4,950,000 Belo Horizonte
65%
10,800,000 Bengaluru
64%
3,400,000 Dakar
64%
4,400,000 Phoenix
64%
3,850,000 Medellín
63%
4,700,000 Accra
62%
4,750,000 Monterrey
60%
353,000 Christchurch
59%
5,200,000 Abidjan
56%
4,925,000 Cologne / Dusseldorf
56%
10,300,000 Nagoya
55%
3,775,000 Recife
55%
3,550,000 Addis Ababa
54%
2,975,000 Cali
53%
364,000 Port Moresby
53%
3,675,000 Salvador
53%
4,275,000 Kano
52%
4,075,000 Porto Alegre
52%
11,800,000 Tianjin
52%
3,275,000 Durban
51%
3,625,000 Fortaleza
51%
3,125,000 Kampala
48%
557,000 Gold Coast
42%
4,150,000 Tampa
42%
3,175,000 Rotterdam
41%
173,000 Suva
41%
3,325,000 Curitiba
38%
200,000 Hobart
37%
3,250,000 Ibadan
33%
399,000 Newcastle
30%
2,525,000 Maracaibo
26%
3,075,000 Campinas
23%
2,275,000 Goiânia
19%
171,000 Hamilton
18%
269,000 Wollongong
18%
271,000 Sunshine Coast
15%
173,000 Geelong
10%
305,000 Central Coast
6%
180,000 Nouméa
5%
No matching quizzes found
Score Distribution
Percent of People with Each Score
Percentile by Number Answered
Your Score History
You have not taken this quiz